000 00458nam a2200157Ia 4500
008 231221s9999 xx 000 0 und d
041 _aEnglish
082 _a641.358 JOR;1 R
100 _aJordan, Peter
245 0 _aNew guide to mushrooms : the ultimate guide to identifying, picking and using mushrooms
260 _c1995
_bUltimate Editions
_aLondon
300 _a128
650 _aHotel management-Mushrooms
650 _aMushrooms
942 _cHM
999 _c207995
_d207995